JL Engineering Ltd and another v SoS Environment and Warrington BC (Record no. 11443)

MARC details
000 -LEADER
fixed length control field 01117cab a2200229 4500
001 - CONTROL NUMBER
control field X1465
008 - FIXED-LENGTH DATA ELEMENTS--GENERAL INFORMATION
fixed length control field 090401t1994 xxu||||| |||| 00| 0 eng d
035 ## - SYSTEM CONTROL NUMBER
System control number (Sirsi) u17258
041 ## - LANGUAGE CODE
Language code of text/sound track or separate title eng
245 ## - TITLE STATEMENT
Title JL Engineering Ltd and another v SoS Environment and Warrington BC
260 ## - PUBLICATION, DISTRIBUTION, ETC.
Date of publication, distribution, etc. 1994
350 ## - PRICE (NR) (BK AM CF MU VM SE) [OBSOLETE]
Price 0
490 ## - SERIES STATEMENT
Series statement Journal of Planning and Environment Law
Volume/sequential designation (1994) JPL 453-459(7)
520 ## - SUMMARY, ETC.
Summary, etc. CA 16 June 1994 established uses - industrial use - change to agriculture - subsequent reversion to industrial use - planning history of the site back to 1930 - whether lawful existing use lost as a result of a change of use to agriculture - concept of one use supplanting or superseding another avoids problem of spent permission - de facto position was clear - the subsequent industrial use was unlawful. (Headnote from Journal).
650 ## - SUBJECT ADDED ENTRY--TOPICAL TERM
Topical term or geographic name entry element CHANGE OF USE
650 ## - SUBJECT ADDED ENTRY--TOPICAL TERM
Topical term or geographic name entry element JL ENGINEERING AND ANOTHER V SOS ENVIRONMENT
650 ## - SUBJECT ADDED ENTRY--TOPICAL TERM
Topical term or geographic name entry element PIONEER AGGREGATES (UK) LTD V SOS ENVIRONMENT & ORS
650 ## - SUBJECT ADDED ENTRY--TOPICAL TERM
Topical term or geographic name entry element PLANNING PERMISSION
690 ## - LOCAL SUBJECT ADDED ENTRY--TOPICAL TERM (OCLC, RLIN)
Topical term or geographic name as entry element PLANNING LAW AND PRACTICE-CASE LAW
942 ## - ADDED ENTRY ELEMENTS (KOHA)
Suppress in OPAC 0
948 ## - LOCAL PROCESSING INFORMATION (OCLC); SERIES PART DESIGNATOR (RLIN)
c (OCLC) 04/03/1997
Holdings
Withdrawn status Lost status Source of classification or shelving scheme Damaged status Not for loan Home library Current library Shelving location Date acquired Total Checkouts Full call number Barcode Date last seen Copy number Price effective from Koha item type
    Dewey Decimal Classification     London London Journal article 14/09/1999   X1465 17258-1001 06/08/2019 1 06/08/2019 Law report